000 00442nam a2200157Ia 4500
008 240729s9999 xx 000 0 und d
022 _a2656-0895
245 0 _aSurabaya Physical Medicine and Rehabilitation Journal
260 _aIndonesia
260 _bUniversitas Airlangga
650 _a Medicine (General)
650 _aMedicine
856 _uhttps://doaj.org/toc/c7bf7a23ccf74a2db2a9ccc377623839
942 _2ddc
942 _cDOAJEJ
999 _c67260
_d67260
945 _a1
_bMadushi Gamage
_c1
_dMadushi Gamage